London Underground Missing Word - Statistics

General Stats
  • This quiz has been taken 49 times
  • The average score is 27 of 31
Answer Stats
Hint Answer % Correct
___ Park Belsize | Canons | Chiswick | Elm | Finsbury | Green | Holland | Kilburn | Moor | Newbury | Northwick | Queen's | Ravenscourt | Regent's | St James's | Stonebridge | Tufnell | Upton | Wembley | Westbourne | Wimbledon | Woodside
97%
___ Common Clapham | Ealing
97%
___ Broadway Ealing | Fulham | Tooting
97%
___ Acton East | North | West
97%
___ Finchley East | West
97%
___ Ham East | West
97%
___ Kensington High Street | South | West
97%
___ Harrow North | South | West
97%
___ Circus Oxford | Piccadilly
97%
___ Ruislip South | West
97%
___ Bridge London | Putney | Upminister
94%
___ Town Acton | Camden | Canning | Kentish | Sudbury
91%
___ Square Euston | Leicester | Russell | Sloane
91%
___ Ealing North | South
91%
___ Street Baker | Bond | Cannon | Goodge | Great Portland | Liverpool | Old | Warren
89%
___ East Aldgate | Dagenham | Hounslow | Mill Hill
86%
___ Court Barons | Earl's
86%
___ Green Bethnal | Bounds | Golders | Kensal | Parsons | Stepney | Turnham | Willesden | Wood
86%
___ Road Blackhorse | Bow | Caledonian | Edgware | Finchley |Gloucester | Goldhawk | Holloway | Latimer | Preston | Tottenham Court
86%
___ Cross Brent | Charing | Hatton
86%
___ Central Finchley | Hendon | Hounslow | Walthamstow | Wembley
83%
___ Gardens Kew | Ruislip
83%
___ Oak Burnt | Royal
77%
___ Lane Chancery | Hanger | Rayners | Turnpike | Wood
77%
___ House Manor | Mansion
77%
___ Grove Arnos | Ladbroke
74%
___ Manor Boston | Ruislip
71%
___ North Clapham | Lambeth
69%
___ Gate Lancaster | Notting Hill
69%
___ Hill Buckhurst | Dollis | Gants | Grange | Sudbury |Tower
63%
___ Wood Colliers | St John's
54%
No matching quizzes found
Score Distribution
Percent of People with Each Score
Percentile by Number Answered
Your Score History
You have not taken this quiz